Joint Memorandum To Parliament By Hon. Haruna Iddrisu And Hon. Dr. Kwabena Duffour On Relief From The Payment Of Custom Duty, Vat, Edif, Ecowas Levy, Destination Inspection fees, Withholding Taxes, Corporate Income Taxes And Other Charges For The E-Government Platform Project (Record no. 4838)

MARC details
000 -LEADER
fixed length control field 00984nam a22001817a 4500
003 - CONTROL NUMBER IDENTIFIER
control field OSt
005 - DATE AND TIME OF LATEST TRANSACTION
control field 20241125141017.0
008 - FIXED-LENGTH DATA ELEMENTS--GENERAL INFORMATION
fixed length control field 241125b |||||||| |||| 00| 0 eng d
041 ## - LANGUAGE CODE
Language code of text/sound track or separate title English
082 ## - DEWEY DECIMAL CLASSIFICATION NUMBER
Classification number PM/VAT/12 Acc. No. 10,456
100 ## - MAIN ENTRY--PERSONAL NAME
Personal name Hon. Haruna Iddrisu And Hon. Dr. Kwabena Duffour
110 ## - MAIN ENTRY--CORPORATE NAME
Corporate name or jurisdiction name as entry element Ministry Of Communications And Ministry Of Finance And Economic Planning
245 ## - TITLE STATEMENT
Title Joint Memorandum To Parliament By Hon. Haruna Iddrisu And Hon. Dr. Kwabena Duffour On Relief From The Payment Of Custom Duty, Vat, Edif, Ecowas Levy, Destination Inspection fees, Withholding Taxes, Corporate Income Taxes And Other Charges For The E-Government Platform Project
260 ## - PUBLICATION, DISTRIBUTION, ETC.
Place of publication, distribution, etc. Accra
Name of publisher, distributor, etc. Parliament Of Ghana
Date of publication, distribution, etc. July, 2012
300 ## - PHYSICAL DESCRIPTION
Extent 84P. 10Tabs
650 ## - SUBJECT ADDED ENTRY--TOPICAL TERM
Source of heading or term Relief From The Payment Of Custom Duty, Vat, Edif, Ecowas Levy, Destination Inspection fees, Withholding Taxes, Corporate Income Taxes And Other Charges For The E-Government Platform Project
942 ## - ADDED ENTRY ELEMENTS (KOHA)
Source of classification or shelving scheme Dewey Decimal Classification
Koha item type Memorandum
Suppress in OPAC No
Holdings
Withdrawn status Lost status Source of classification or shelving scheme Damaged status Not for loan Home library Current library Shelving location Date acquired Total checkouts Full call number Date last seen Copy number Price effective from Koha item type
    Dewey Decimal Classification     Main Library Main Library Open Shelves 25/11/2024   PM/VAT/12 Acc. No. 10,456 25/11/2024 1 25/11/2024 Memorandum
©2026  Parliament of Ghana Library - All rights reserved